| 000 | 00463nam a22001817a 4500 | ||
|---|---|---|---|
| 003 | NUST - PNEC | ||
| 005 | 20170116180907.0 | ||
| 008 | 150902b xxu||||| |||| 00| 0 eng d | ||
| 020 | _a9971511665 | ||
| 040 | _cLIBRARY | ||
| 082 | _a620.106 FOX | ||
| 100 |
_96767 _aFox, Robert W. |
||
| 245 |
_aintroduction to fluid mechanics _cRobert W. Fox |
||
| 250 | _a4th ed. | ||
| 260 | _cc.1995 | ||
| 650 |
_96770 _aMechanical Engineering _xME, IME |
||
| 942 |
_2ddc _cBK |
||
| 999 |
_c65144 _d65144 |
||